000 00978nam a22002297a 4500
005 20210325204502.0
008 s2551 th tha d
020 _a9789743035777
041 _atha
050 _aPE 1131 ร951ค 2552 ล.1
100 0 _aไรท์, คริสโตเฟอร์
245 1 0 _aChris delivery Book 1 (คริสดีลิเวอรี่ เล่ม 1) [7th]
260 3 _aกรุงเทพฯ :
_bเนชั่นบุ๊คส์,
_c2551
300 _a211 หน้า :
_b ภาพประกอบ ;
_c 17 ซม.
650 0 4 _aภาษาอังกฤษ -- การใช้ภาษา
650 0 4 _aภาษาอังกฤษ -- บทสนทนาและวลี
850 _aNALT
942 _cGB
997 _a37128
997 _c000000000060980
998 _aนางสาวชัชฎา จูฑะรักษ์
999 _c60980
_d60980